000 00585nam a2200181Ia 4500
008 100917s9999 xx 000 0 und d
082 _b32220
100 _aक्षीरसागर श्री. के.
245 _aव्यिक्त आणि वाङमय
260 _bम. गो. जोशी प्रकाशन
_c1937
300 _a149
365 _b1.5
520 _aनिबंध
630 _aव्यिक्त आणि वाङमय
650 _aनिबंध
730 _aव्यिक्त आणि वाङमय
942 _cBOOK
999 _c637614
_d637611